Recurso de habeas corpus y recurso de libertad en el Ecuador

Opis bibliograficzny
1. autor: Echeverría G., Enrique
Format: Książka
Język:Spanish
Hasła przedmiotowe:

MARC

LEADER 00000cam a2200000 a 4500
001 92595
005 20230308181930.0
008 000000|1961 ||||||||r|||||||||||spa||
040 |b spa 
041 1 |a spa 
082 0 |a 345.056 
100 1 |a Echeverría G., Enrique  |9 10399 
245 |a Recurso de habeas corpus y recurso de libertad en el Ecuador  |c Enrique Echeverría G.  |h imp 
264 |a Quito  |b Casa de la Cultura Ecuatoriana  |c 1961 
300 |a 306 páginas:  |c 21 cm 
650 1 |a Habeas corpus  |9 10400 
650 1 |a Libertad  |9 8141 
852 |a UC-CDJBV  |c ESTANTERIA CERRADA  |f Donación  |k mariana.feican  |l 1  |m General  |p 00000000  |r 2  |t 92595  |b 0  |d CDRC  |e CDRC  |g 345.056 ESTANTERIA CERRADA  |z 0000-00-00 
942 |c BK 
999 |c 58132  |d 58132